000
00262nam a22000737a 4500
008
161006b xxu||||| |||| 00| 0 eng d
100
_a
Chandio, Muhammad Yahya
_b
91ME35
245
_a
Maintenance of 250 MW Steam Generator unit 1 at Thermal Power Station Jamshoro (Thesis)
999
_c
54268
_d
54265